| 000 | 00758nam a22002897a 4500 | ||
|---|---|---|---|
| 003 | IBSLLIB | ||
| 005 | 20260511090821.0 | ||
| 008 | 260511b |||||||| |||| 00| 0 eng d | ||
| 020 | _a0002552442 | ||
| 040 |
_aIBSLIB _beng |
||
| 041 | _hEng | ||
| 082 |
_a813.54 _bFAL |
||
| 100 | _aFallon , Ivan | ||
| 245 |
_aThe Paper Chase : _bA decade of change at the DSS |
||
| 260 |
_aLondon : _bHarperCollins , _c1993 |
||
| 300 |
_a162 p ; _b25 cm |
||
| 505 | _aThe lure of camelot | ||
| 505 | _aEnter andersen | ||
| 505 | _aSpend more time | ||
| 505 | _aThe new director | ||
| 505 | _aA success at last | ||
| 505 | _acaines comes back | ||
| 650 | _aLiterature | ||
| 650 | _aAmerican literature | ||
| 650 | _aAmerican Dictionary | ||
| 942 | _cLBK | ||
| 999 |
_c22101 _d22101 |
||